000 00904nam a2200253 i 4500
001 182832
003 ES-MaACL
005 20250627063702.0
008 131108s2013 cc a |||| | spa d
020 _a978-986-89433-0-8
080 _a7 Vera Cañizares, Santiago (083.824)
100 1 _aVera Cañizares, Santiago,
_d1958-
_9153804
245 1 0 _aNegro zaíno /
_cSantiago Vera ; texto, José Campos ; traducción, Lucía Yang.
260 _aTaichung :
_bCatay,
_c[2013]
300 _a65 p. :
_bprincipalmente il. col. ;
_c23 cm.
546 _aTexto en español y traducció al chino.
600 1 7 _aVera Cañizares, Santiago,
_d1958-
_xExposiciones
_2
_9153805
655 7 _2tgfbne
_9193628
_aCatálogos de exposiciones
700 1 _aCampos Cañizares, José.
_9138349
700 1 _aYang, Lucía.
_9153806
852 _aES-MaACL
_j2053-F-39
942 _2udc
999 _c182832
_d182832